Formación de los conceptos jurídicos.

I tiakina i:
Ngā taipitopito rārangi puna kōrero
Kaituhi matua: Panero Gutiérrez, Ricardo (autor)
Hōputu: Pukapuka
I whakaputaina: Valencia, España: Tirant lo Blanch, 2006.
Rangatū:Manuales.
Ngā marau:
Ngā Tūtohu: Tāpirihia he Tūtohu
Kāore He Tūtohu, Me noho koe te mea tuatahi ki te tūtohu i tēnei pūkete!

MARC

LEADER 00000nam a2200000 a 4500
001 UCN2814
003 CL-VaPUC
005 20230301151327.0
008 220705t2006 ||||| |||| 00| 0 eng d
999 |c 436692  |d 436690 
020 |a 84-8456-671-4 
040 |c Pontificia Universidad Católica de Valparaíso 
082 7 |a 340.16 PAN 2006  |2 22 
100 |a Panero Gutiérrez, Ricardo  |e autor  |9 459004 
245 |a Formación de los conceptos jurídicos.  
260 |a Valencia, España:  |b Tirant lo Blanch,  |c 2006. 
300 |a 542 páginas.  
490 |a Manuales.  
500 |a c.1 Donación Familia Prof. Alejandro Guzmán Brito. 
583 |a last modification  |c 20010608 00:00:00  |k Cristina María Rojas Aguilar 
650 |a Derecho   |x Filosofía  |9 866192 
650 |a Jurisprudencia   |9 255952 
650 |a Derecho   |z España  |9 872573 
942 |c BK  |2 ddc  |n 0 
952 |0 0  |1 0  |2 ddc  |4 0  |6 340_160000000000000_PAN_2006  |7 1  |8 C_AGB  |9 584385  |a BIBDER  |b BIBDER  |d 2022-07-05  |e Donación   |i 5652508  |o 340.16 PAN 2006  |p 5652508  |r 2023-01-25  |t 1  |w 2022-07-05  |y BK_US  |k AGB